| 000 | 01122nam a2200361 a 4500 | ||
|---|---|---|---|
| 001 | vtls000339165 | ||
| 003 | NLI | ||
| 005 | 20210602162859.0 | ||
| 008 | 110113s2005 ii a 000 0 ben | ||
| 020 | _cRs. 50.00 | ||
| 039 | 9 |
_y201101131903 _zVLOAD |
|
| 040 |
_aNLI : _beng _cNLMARC21 |
||
| 041 | 0 | _aben | |
| 044 | _aii | ||
| 082 | 0 | 4 |
_a915.404 _222 |
| 100 | 1 |
_6880-01(B _aপাল, সুবলচন্দ্র _95232 |
|
| 245 | 1 |
_6880-02(B _aচলুন বেড়িয়ে আসি/ _cসুবলচন্দ্র পাল |
|
| 260 |
_aকলকাতা : _bময়না প্রকাশনী, _c2005 |
||
| 300 |
_a-v. : _bcoloured ill.; _c22cm |
||
| 650 | 0 |
_aTravel _974024 |
|
| 650 | 0 |
_aTravel in literature _91782 |
|
| 700 | 1 | _6880-03(B | |
| 700 | _6880-03(B | ||
| 880 | 1 |
_6100-01(B _aPal, Subal candra |
|
| 880 | 1 |
_6245-02(B _aCalun bediye asi _cSubal candra Pal |
|
| 887 | _aMalabika | ||
| 901 |
_70039a : _b2.06.08 |
||
| 902 | _aB915.404P233ab | ||
| 904 | _aMalabika | ||
| 949 |
_AVIRTUAITEM _D10000 _X100 _6DBA000070039BEN |
||
| 942 |
_2ddc _cBKS |
||
| 999 |
_aVIRTUA40 _c299515 _d299515 |
||